Chao phraya delta of Thailand, Asian rice-land inventory: a descriptive atlas No.1

Đã lưu trong:
Sonraí Bibleagrafaíochta
Príomhúdar: Yoshikazu Takaya
Formáid: Leabhar
Teanga:Undetermined
Foilsithe: Japan Kyoto University 1982
Ábhair:
Clibeanna: Cuir Clib Leis
Gan Chlibeanna, Bí ar an gcéad duine leis an taifead seo a chlibeáil!
Thư viện lưu trữ: Trung tâm Học liệu Trường Đại học Cần Thơ
LEADER 00576nam a2200181Ia 4500
001 CTU_38674
008 210402s9999 xx 000 0 und d
082 |a 633.188 
082 |b C397/No.1 
100 |a Yoshikazu Takaya 
245 0 |a Chao phraya delta of Thailand, Asian rice-land inventory: a descriptive atlas No.1 
245 0 |c Yoshikazu Takaya, Narong Thiramongkol 
260 |a Japan 
260 |b Kyoto University 
260 |c 1982 
650 |a rice,rice - soils - Asia - atlas 
904 |i Liên, 990811 
980 |a Trung tâm Học liệu Trường Đại học Cần Thơ